00220nam a2200085Ia 4500001000800000005001700008008004100025245004700066260002100113105549820250827001343.0250824s9999 xx 000 0 und d 0aBÖRÜ KURT YANGINIcÇAĞLAYAN YILMAZ bPANAMA YAYINLARI